| 000 | 00678nam a22002297a 4500 | ||
|---|---|---|---|
| 005 | 20170124105916.0 | ||
| 010 | _a574780 | ||
| 020 | _c00.00 | ||
| 035 | _a574780 | ||
| 037 | _bCen Lib/Ret | ||
| 040 |
_aDPL _bEN |
||
| 082 |
_a025.33 _bCOR |
||
| 100 |
_aCorrigan, Philip R. D. _92820 |
||
| 245 |
_aAn introduction to sears list of subject heading / _cby Philip R. D. Corrigan |
||
| 260 |
_aLondon _bClive Bingley _c1967 |
||
| 270 |
_a16 Pembridge Road _bLondon |
||
| 300 |
_avii,94p. _c21cm(Hb) |
||
| 500 | _aIncludes index | ||
| 650 |
_aLibrary Science _9105200 |
||
| 650 |
_aSubject headings-Library Science _92822 |
||
| 942 |
_2ddc _cEN _h025.33 _mCOR |
||
| 999 |
_c122873 _d122873 |
||